| 000 | 00544nam a2200145 i 4500 | ||
|---|---|---|---|
| 001 | 52180 | ||
| 003 | ES-MaACL | ||
| 007 | t| | ||
| 008 | 030826s1984 sp ||||1| spa d | ||
| 100 | 1 |
_aChristie, Yves. _938662 |
|
| 245 | 1 | 0 |
_aHistoria ilustrada de las formas artísticas _b: . 5 : El mundo cristiano hasta el siglo XI / _cautor, Yves Christie ; dibujos, Thierry Bndroit ; [traductores, Jesús Villaverde y Pablo Martín]. |
| 260 |
_aMadrid : _bAlianza, _c[1984] |
||
| 300 |
_a159 p. : _bil. ; _c18 cm. |
||
| 852 |
_aES-MaACL _jL-7175 _bR.107874 |
||
| 999 |
_c52180 _d52180 |
||